{"text_format":"3","workbook":"xlsx","n_sheets":2,"sheets":["sil","slp"],"not_rendered":{"external_links":1},"read":"whole","date_system":"1900"}

{"sheet":"sil","index":0,"n_rows":87,"n_cols":18,"rows_kept":87}
["Stavba:","2024019",null,"DPS Bažantnice - Oprava páteřních rozvodů a rozvod wifi"]
["Objekt:","D.1.2.5",null,"Silnoproudá elektrotechnika"]
["Část:","",null,""]
["JKSO:","801 91"]
[{"$nulls":7},"Jednotková cena\nzáklad DPH",{"$nulls":4},"Hodnota DPH"]
["TYP","Zařazení","KCN","Kód položky","Název","MJ","Množství",{"$f":"[1]Rekapitulace!G4","v":{"v":0.12,"d":"12%"}},{"$f":"[1]Rekapitulace!H4","v":{"v":0.21,"d":"21%"}},"Cena celkem","J. hmotnost","J. suť",{"$f":"[1]Rekapitulace!G4","v":{"v":0.12,"d":"12%"}},{"$f":"[1]Rekapitulace!H4","v":{"v":0.21,"d":"21%"}},"Poznámka",null,"2025-10-24","2025-12-15"]
["D","PSV",null,"749","Elektromontáže - součásti elektrozařízení",{"$nulls":4},{"$f":"ROUND(G7*(H7+I7),2)","v":{"v":0,"d":"0.00"}},null,null,{"$f":"[1]Rekapitulace!$G$4*G7*H7","v":{"v":0,"d":"0.00"}},{"$f":"[1]Rekapitulace!$H$4*G7*I7","v":{"v":0,"d":"0.00"}},""]
["K","PSV","741","749212122","Montáž se zhotovením protipožární ucpávky užitím protipožárního tmelu","ks",{"v":356,"d":"356.000"},{"v":30,"d":"30.00"},null,{"v":10680,"d":"10,680.00"},{"v":0,"d":"0.00000"},{"v":0,"d":"0.00000"},{"$f":"[1]Rekapitulace!$G$4*G8*H8","v":{"v":1281.6,"d":"1,281.60"}},{"$f":"[1]Rekapitulace!$H$4*G8*I8","v":{"v":0,"d":"0.00"}},"",null,{"$f":"J8","v":{"v":10680,"d":"10,680.00"}},0]
["M","PSV","MAT","345719500","zpěňující tmel na bázi vody a bez obsahu silikonu pro požární těsnění elektrických prostupů, tuba 310ml","kus",{"v":16,"d":"16.000"},{"v":845,"d":"845.00"},null,{"v":13520,"d":"13,520.00"},{"v":4e-06,"d":"0.00000"},{"v":0,"d":"0.00000"},{"$f":"[1]Rekapitulace!$G$4*G9*H9","v":{"v":1622.3999999999999,"d":"1,622.40"}},{"$f":"[1]Rekapitulace!$H$4*G9*I9","v":{"v":0,"d":"0.00"}},null,null,{"$f":"J9","v":{"v":13520,"d":"13,520.00"}},0]
["D","M",null,"21-M","Elektromontáže",{"$nulls":4},{"v":0,"d":"0.00"},null,null,{"$f":"[1]Rekapitulace!$G$4*G10*H10","v":{"v":0,"d":"0.00"}},{"$f":"[1]Rekapitulace!$H$4*G10*I10","v":{"v":0,"d":"0.00"}},""]
["K","M","921","210010005","Montáž trubek plastových ohebných D 36 mm uložených pod omítku","m",{"v":10,"d":"10.000"},{"v":20,"d":"20.00"},null,{"v":200,"d":"200.00"},{"v":0,"d":"0.00000"},{"v":0,"d":"0.00000"},{"$f":"[1]Rekapitulace!$G$4*G11*H11","v":{"v":24,"d":"24.00"}},{"$f":"[1]Rekapitulace!$H$4*G11*I11","v":{"v":0,"d":"0.00"}},"",null,{"$f":"J11","v":{"v":200,"d":"200.00"}},0]
["M","M","MAT","345711570","trubka plastová elektroinstalační ohebná s d=36mm","m",{"v":10,"d":"10.000"},{"v":14,"d":"14.00"},null,{"v":140,"d":"140.00"},0.00022,{"v":0,"d":"0.00000"},{"$f":"[1]Rekapitulace!$G$4*G12*H12","v":{"v":16.8,"d":"16.80"}},{"$f":"[1]Rekapitulace!$H$4*G12*I12","v":{"v":0,"d":"0.00"}},"",null,{"v":140,"d":"140.00"},0]
["K","M","921","210020301","Montáž žlabů kovových šířky do 50 mm bez víka","m",{"v":568,"d":"568.000"},{"v":35,"d":"35.00"},null,{"v":19880,"d":"19,880.00"},{"v":0,"d":"0.00000"},{"v":0,"d":"0.00000"},{"$f":"[1]Rekapitulace!$G$4*G13*H13","v":{"v":2385.6,"d":"2,385.60"}},{"$f":"[1]Rekapitulace!$H$4*G13*I13","v":{"v":0,"d":"0.00"}},"",null,{"v":19880,"d":"19,880.00"},0]
["M","M","MAT","345754915","žlab kabelový pozinkovaný 2m/ks 50x50","kus",{"v":284,"d":"284.000"},{"v":195,"d":"195.00"},null,{"v":55380,"d":"55,380.00"},0.00225,{"v":0,"d":"0.00000"},{"$f":"[1]Rekapitulace!$G$4*G14*H14","v":{"v":6645.599999999999,"d":"6,645.60"}},{"$f":"[1]Rekapitulace!$H$4*G14*I14","v":{"v":0,"d":"0.00"}},"",null,{"v":55380,"d":"55,380.00"},0]
["M","M","MAT","345754800","spojjka žlabu šroubovaná","kus",{"v":548,"d":"548.000"},{"v":13,"d":"13.00"},null,{"v":7124,"d":"7,124.00"},{"v":0.0035,"d":"0.00350"},{"v":0,"d":"0.00000"},{"$f":"[1]Rekapitulace!$G$4*G15*H15","v":{"v":854.8799999999999,"d":"854.88"}},{"$f":"[1]Rekapitulace!$H$4*G15*I15","v":{"v":0,"d":"0.00"}},"",null,{"v":7124,"d":"7,124.00"},0]
["M","M","MAT","345754926","podpěra žlabu kabelového 150mm, včetně hmoždinky a závitové tyče","kus",{"v":258,"d":"258.000"},{"v":55,"d":"55.00"},null,{"v":14190,"d":"14,190.00"},{"v":0.0035,"d":"0.00350"},{"v":0,"d":"0.00000"},{"$f":"[1]Rekapitulace!$G$4*G16*H16","v":{"v":1702.8,"d":"1,702.80"}},{"$f":"[1]Rekapitulace!$H$4*G16*I16","v":{"v":0,"d":"0.00"}},"",null,{"v":14190,"d":"14,190.00"},0]
["K","M","921","210020310","Montáž žlabů kovových šířky do 250 mm bez víka","m",{"v":30,"d":"30.000"},{"v":35,"d":"35.00"},null,{"v":1050,"d":"1,050.00"},{"v":0,"d":"0.00000"},{"v":0,"d":"0.00000"},{"$f":"[1]Rekapitulace!$G$4*G17*H17","v":{"v":125.99999999999999,"d":"126.00"}},{"$f":"[1]Rekapitulace!$H$4*G17*I17","v":{"v":0,"d":"0.00"}},"",null,{"v":1050,"d":"1,050.00"},0]
["M","M","MAT","345754925","žlab kabelový pozinkovaný 2m/ks 150x50","kus",{"v":15,"d":"15.000"},{"v":266,"d":"266.00"},null,{"v":3990,"d":"3,990.00"},{"v":0.0035,"d":"0.00350"},{"v":0,"d":"0.00000"},{"$f":"[1]Rekapitulace!$G$4*G18*H18","v":{"v":478.79999999999995,"d":"478.80"}},{"$f":"[1]Rekapitulace!$H$4*G18*I18","v":{"v":0,"d":"0.00"}},"",null,{"v":3990,"d":"3,990.00"},0]
["M","M","MAT","345754800","spojjka žlabu šroubovaná","kus",{"v":30,"d":"30.000"},{"v":13,"d":"13.00"},null,{"v":390,"d":"390.00"},{"v":0.0035,"d":"0.00350"},{"v":0,"d":"0.00000"},{"$f":"[1]Rekapitulace!$G$4*G19*H19","v":{"v":46.8,"d":"46.80"}},{"$f":"[1]Rekapitulace!$H$4*G19*I19","v":{"v":0,"d":"0.00"}},"",null,{"v":390,"d":"390.00"},0]
["M","M","MAT","345754926","podpěra žlabu kabelového 150mm, včetně hmoždinky a závitové tyče","kus",{"v":19,"d":"19.000"},{"v":55,"d":"55.00"},null,{"v":1045,"d":"1,045.00"},{"v":0.0035,"d":"0.00350"},{"v":0,"d":"0.00000"},{"$f":"[1]Rekapitulace!$G$4*G20*H20","v":{"v":125.39999999999999,"d":"125.40"}},{"$f":"[1]Rekapitulace!$H$4*G20*I20","v":{"v":0,"d":"0.00"}},"",null,{"v":1045,"d":"1,045.00"},0]
["K","M","921","210100001","Ukončení vodičů v rozváděči nebo na přístroji včetně zapojení průřezu žíly do 2,5 mm2","kus",{"v":109,"d":"109.000"},{"v":10,"d":"10.00"},null,{"v":1090,"d":"1,090.00"},{"v":0,"d":"0.00000"},{"v":0,"d":"0.00000"},{"$f":"[1]Rekapitulace!$G$4*G21*H21","v":{"v":130.8,"d":"130.80"}},{"$f":"[1]Rekapitulace!$H$4*G21*I21","v":{"v":0,"d":"0.00"}},"",null,null,{"$f":"J21","v":{"v":1090,"d":"1,090.00"}}]
["K","M","921","210100013","Ukončení vodičů v rozváděči nebo na přístroji včetně zapojení průřezu žíly do 4 mm2","kus",{"v":1290,"d":"1,290.000"},{"v":10,"d":"10.00"},null,{"v":12900,"d":"12,900.00"},{"v":0,"d":"0.00000"},{"v":0,"d":"0.00000"},{"$f":"[1]Rekapitulace!$G$4*G22*H22","v":{"v":1547.9999999999998,"d":"1,548.00"}},{"$f":"[1]Rekapitulace!$H$4*G22*I22","v":{"v":0,"d":"0.00"}},"",null,null,{"$f":"J22","v":{"v":12900,"d":"12,900.00"}}]
["K","M","921","210100002","Ukončení vodičů v rozváděči nebo na přístroji včetně zapojení průřezu žíly do 6 mm2","kus",{"v":32,"d":"32.000"},{"v":10,"d":"10.00"},null,{"v":320,"d":"320.00"},{"v":0,"d":"0.00000"},{"v":0,"d":"0.00000"},{"$f":"[1]Rekapitulace!$G$4*G23*H23","v":{"v":38.4,"d":"38.40"}},{"$f":"[1]Rekapitulace!$H$4*G23*I23","v":{"v":0,"d":"0.00"}},"",null,null,{"$f":"J23","v":{"v":320,"d":"320.00"}}]
["K","M","921","210100014","Ukončení vodičů v rozváděči nebo na přístroji včetně zapojení průřezu žíly do 10 mm2","kus",{"v":20,"d":"20.000"},{"v":10,"d":"10.00"},null,{"v":200,"d":"200.00"},{"v":0,"d":"0.00000"},{"v":0,"d":"0.00000"},{"$f":"[1]Rekapitulace!$G$4*G24*H24","v":{"v":24,"d":"24.00"}},{"$f":"[1]Rekapitulace!$H$4*G24*I24","v":{"v":0,"d":"0.00"}},"",null,null,{"$f":"J24","v":{"v":200,"d":"200.00"}}]
["K","M","921","210100004","Ukončení vodičů v rozváděči nebo na přístroji včetně zapojení průřezu žíly do 25 mm2","kus",{"v":8,"d":"8.000"},{"v":20,"d":"20.00"},null,{"v":160,"d":"160.00"},{"v":0,"d":"0.00000"},{"v":0,"d":"0.00000"},{"$f":"[1]Rekapitulace!$G$4*G25*H25","v":{"v":19.2,"d":"19.20"}},{"$f":"[1]Rekapitulace!$H$4*G25*I25","v":{"v":0,"d":"0.00"}},"",null,null,{"$f":"J25","v":{"v":160,"d":"160.00"}}]
["K","M","921","210100006","Ukončení vodičů v rozváděči nebo na přístroji včetně zapojení průřezu žíly do 50 mm2","kus",{"v":32,"d":"32.000"},{"v":20,"d":"20.00"},null,{"v":640,"d":"640.00"},{"v":0,"d":"0.00000"},{"v":0,"d":"0.00000"},{"$f":"[1]Rekapitulace!$G$4*G26*H26","v":{"v":76.8,"d":"76.80"}},{"$f":"[1]Rekapitulace!$H$4*G26*I26","v":{"v":0,"d":"0.00"}},"",null,null,{"$f":"J26","v":{"v":640,"d":"640.00"}}]
["K","M","921","210100012","Ukončení vodičů v rozváděči nebo na přístroji včetně zapojení průřezu žíly do 240 mm2","kus",{"v":8,"d":"8.000"},{"v":50,"d":"50.00"},null,{"v":400,"d":"400.00"},{"v":0,"d":"0.00000"},{"v":0,"d":"0.00000"},{"$f":"[1]Rekapitulace!$G$4*G27*H27","v":{"v":48,"d":"48.00"}},{"$f":"[1]Rekapitulace!$H$4*G27*I27","v":{"v":0,"d":"0.00"}},"",null,null,{"$f":"J27","v":{"v":400,"d":"400.00"}}]
["K","M","921","210110105","Montáž ovládací tlačítko Total Stop / Central Stop s krycím sklem, se zapojením vodičů","kus",{"v":2,"d":"2.000"},{"v":250,"d":"250.00"},null,{"v":500,"d":"500.00"},{"v":0,"d":"0.00000"},{"v":0,"d":"0.00000"},{"$f":"[1]Rekapitulace!$G$4*G28*H28","v":{"v":60,"d":"60.00"}},{"$f":"[1]Rekapitulace!$H$4*G28*I28","v":{"v":0,"d":"0.00"}},"",null,null,{"$f":"J28","v":{"v":500,"d":"500.00"}}]
["M","M","MAT","345363520","spínač stiskací, Total Stop / Central Stop, s krycím sklem, nástěnný, IP55","kus",{"v":2,"d":"2.000"},{"v":1420,"d":"1,420.00"},null,{"v":2840,"d":"2,840.00"},0.00049,{"v":0,"d":"0.00000"},{"$f":"[1]Rekapitulace!$G$4*G29*H29","v":{"v":340.8,"d":"340.80"}},{"$f":"[1]Rekapitulace!$H$4*G29*I29","v":{"v":0,"d":"0.00"}},"",null,null,{"$f":"J29","v":{"v":2840,"d":"2,840.00"}}]
["K","M","921","210120412","Montáž jističů jednopólových nn do 25 A ve skříni - dozbrojení pro napájení Total stop / Central stop v zálohvoané části pro výtah","kus",{"v":1,"d":"1.000"},{"v":120,"d":"120.00"},null,{"v":120,"d":"120.00"},{"v":0,"d":"0.00000"},{"v":0,"d":"0.00000"},{"$f":"[1]Rekapitulace!$G$4*G30*H30","v":{"v":14.399999999999999,"d":"14.40"}},{"$f":"[1]Rekapitulace!$H$4*G30*I30","v":{"v":0,"d":"0.00"}},"",null,null,{"$f":"J30","v":{"v":120,"d":"120.00"}}]
["M","M","MAT","358221070","jistič 1pólový-charakteristika B6/1, 10kA","kus",{"v":1,"d":"1.000"},{"v":175,"d":"175.00"},null,{"v":175,"d":"175.00"},{"v":0.0004,"d":"0.00040"},{"v":0,"d":"0.00000"},{"$f":"[1]Rekapitulace!$G$4*G31*H31","v":{"v":21,"d":"21.00"}},{"$f":"[1]Rekapitulace!$H$4*G31*I31","v":{"v":0,"d":"0.00"}},"",null,null,{"$f":"J31","v":{"v":175,"d":"175.00"}}]
["K","M","921","210120505s","Montáž doplňků jističů - vypínací spoušť Total stop pro zálohavé napájení výtahu","kus",{"v":1,"d":"1.000"},{"v":250,"d":"250.00"},null,{"v":250,"d":"250.00"},{"v":0,"d":"0.00000"},{"v":0,"d":"0.00000"},{"$f":"[1]Rekapitulace!$G$4*G32*H32","v":{"v":30,"d":"30.00"}},{"$f":"[1]Rekapitulace!$H$4*G32*I32","v":{"v":0,"d":"0.00"}},"",null,null,{"$f":"J32","v":{"v":250,"d":"250.00"}}]
["M","M","MAT","358225520","vypínací spoušť pro jistič zálohovaného napájení výtahu (ovládání Total stop)","kus",{"v":1,"d":"1.000"},{"v":420,"d":"420.00"},null,{"v":420,"d":"420.00"},0.00056,{"v":0,"d":"0.00000"},{"$f":"[1]Rekapitulace!$G$4*G33*H33","v":{"v":50.4,"d":"50.40"}},{"$f":"[1]Rekapitulace!$H$4*G33*I33","v":{"v":0,"d":"0.00"}},"",null,null,{"$f":"J33","v":{"v":420,"d":"420.00"}}]
["K","M","921","210190001","Montáž rozvodnic běžných oceloplechových nebo plastových do 20 kg","kus",{"v":8,"d":"8.000"},{"v":2000,"d":"2,000.00"},null,{"v":16000,"d":"16,000.00"},{"v":0,"d":"0.00000"},{"v":0,"d":"0.00000"},{"$f":"[1]Rekapitulace!$G$4*G34*H34","v":{"v":1920,"d":"1,920.00"}},{"$f":"[1]Rekapitulace!$H$4*G34*I34","v":{"v":0,"d":"0.00"}},"",null,null,{"$f":"J34","v":{"v":16000,"d":"16,000.00"}}]
["M","M","MAT","357112RPx","rozvodnice plastová, nástěnná, konfigurace dle výkresové dokumentace \"D.1.2.5.13 - Návrh rozváděčů RP\"","kus",{"v":8,"d":"8.000"},{"v":5950,"d":"5,950.00"},null,{"v":47600,"d":"47,600.00"},{"v":0.012,"d":"0.01200"},{"v":0,"d":"0.00000"},{"$f":"[1]Rekapitulace!$G$4*G35*H35","v":{"v":5712,"d":"5,712.00"}},{"$f":"[1]Rekapitulace!$H$4*G35*I35","v":{"v":0,"d":"0.00"}},"",null,null,{"$f":"J35","v":{"v":47600,"d":"47,600.00"}}]
["K","M","921","210190002","Montáž rozvodnic běžných oceloplechových nebo plastových do 50 kg","kus",{"v":16,"d":"16.000"},{"v":2000,"d":"2,000.00"},null,{"v":32000,"d":"32,000.00"},{"v":0,"d":"0.00000"},{"v":0,"d":"0.00000"},{"$f":"[1]Rekapitulace!$G$4*G36*H36","v":{"v":3840,"d":"3,840.00"}},{"$f":"[1]Rekapitulace!$H$4*G36*I36","v":{"v":0,"d":"0.00"}},"",null,null,{"$f":"J36","v":{"v":32000,"d":"32,000.00"}}]
["M","M","MAT","357112RMS1L","rozváděč oceloplechový, s požární odolností, do výklenku, konfigurace dle výkresové dokumentace \"DPS_D.1.2.5.07 - Návrh rozváděče RMS1L\"","kus",{"v":1,"d":"1.000"},{"v":25800,"d":"25,800.00"},null,{"v":25800,"d":"25,800.00"},{"v":0.012,"d":"0.01200"},{"v":0,"d":"0.00000"},{"$f":"[1]Rekapitulace!$G$4*G37*H37","v":{"v":3096,"d":"3,096.00"}},{"$f":"[1]Rekapitulace!$H$4*G37*I37","v":{"v":0,"d":"0.00"}},"",null,null,{"$f":"J37","v":{"v":25800,"d":"25,800.00"}}]
["M","M","MAT","357112RMS2L","rozváděč oceloplechový, s požární odolností, do výklenku, konfigurace dle výkresové dokumentace \"DPS_D.1.2.5.09 - Návrh rozváděče RMS2L (typické podlaží 2-7)\"","kus",{"v":6,"d":"6.000"},{"v":30150,"d":"30,150.00"},null,{"v":180900,"d":"180,900.00"},{"v":0.012,"d":"0.01200"},{"v":0,"d":"0.00000"},{"$f":"[1]Rekapitulace!$G$4*G38*H38","v":{"v":21708,"d":"21,708.00"}},{"$f":"[1]Rekapitulace!$H$4*G38*I38","v":{"v":0,"d":"0.00"}},"",null,null,{"$f":"J38","v":{"v":180900,"d":"180,900.00"}}]
["M","M","MAT","357112RMS8L","rozváděč oceloplechový, s požární odolností, do výklenku, konfigurace dle výkresové dokumentace \"DPS_D.1.2.5.11 - Návrh rozváděče RMS8L\"","kus",{"v":1,"d":"1.000"},{"v":31200,"d":"31,200.00"},null,{"v":31200,"d":"31,200.00"},{"v":0.012,"d":"0.01200"},{"v":0,"d":"0.00000"},{"$f":"[1]Rekapitulace!$G$4*G39*H39","v":{"v":3744,"d":"3,744.00"}},{"$f":"[1]Rekapitulace!$H$4*G39*I39","v":{"v":0,"d":"0.00"}},"",null,null,{"$f":"J39","v":{"v":31200,"d":"31,200.00"}}]
["M","M","MAT","357112RMS1P","rozváděč oceloplechový, s požární odolností, do výklenku, konfigurace dle výkresové dokumentace \"DPS_D.1.2.5.08 - Návrh rozváděče RMS1P\"","kus",{"v":1,"d":"1.000"},{"v":31200,"d":"31,200.00"},null,{"v":31200,"d":"31,200.00"},{"v":0.012,"d":"0.01200"},{"v":0,"d":"0.00000"},{"$f":"[1]Rekapitulace!$G$4*G40*H40","v":{"v":3744,"d":"3,744.00"}},{"$f":"[1]Rekapitulace!$H$4*G40*I40","v":{"v":0,"d":"0.00"}},"",null,null,{"$f":"J40","v":{"v":31200,"d":"31,200.00"}}]
["M","M","MAT","357112RMS2P","rozváděč oceloplechový, s požární odolností, do výklenku, konfigurace dle výkresové dokumentace \"DPS_D.1.2.5.10 - Návrh rozváděče RMS2P (typické podlaží 2-7)\"","kus",{"v":6,"d":"6.000"},{"v":30150,"d":"30,150.00"},null,{"v":180900,"d":"180,900.00"},{"v":0.012,"d":"0.01200"},{"v":0,"d":"0.00000"},{"$f":"[1]Rekapitulace!$G$4*G41*H41","v":{"v":21708,"d":"21,708.00"}},{"$f":"[1]Rekapitulace!$H$4*G41*I41","v":{"v":0,"d":"0.00"}},"",null,null,{"$f":"J41","v":{"v":180900,"d":"180,900.00"}}]
["M","M","MAT","357112RMS8P","rozváděč oceloplechový, s požární odolností, do výklenku, konfigurace dle výkresové dokumentace \"DPS_D.1.2.5.12 - Návrh rozváděče RMS8P\"","kus",{"v":1,"d":"1.000"},{"v":30150,"d":"30,150.00"},null,{"v":30150,"d":"30,150.00"},{"v":0.012,"d":"0.01200"},{"v":0,"d":"0.00000"},{"$f":"[1]Rekapitulace!$G$4*G42*H42","v":{"v":3618,"d":"3,618.00"}},{"$f":"[1]Rekapitulace!$H$4*G42*I42","v":{"v":0,"d":"0.00"}},"",null,null,{"$f":"J42","v":{"v":30150,"d":"30,150.00"}}]
["K","M","921","210190051","Montáž rozvaděčů skříňových nebo panelových dělitelných pole do 200 kg","kus",{"v":3,"d":"3.000"},{"v":4500,"d":"4,500.00"},null,{"v":13500,"d":"13,500.00"},{"v":0,"d":"0.00000"},{"v":0,"d":"0.00000"},{"$f":"[1]Rekapitulace!$G$4*G43*H43","v":{"v":1620,"d":"1,620.00"}},{"$f":"[1]Rekapitulace!$H$4*G43*I43","v":{"v":0,"d":"0.00"}},"",null,{"$f":"J43","v":{"v":13500,"d":"13,500.00"}},0]
["M","M","MAT","357112RERH1","rozváděč oceloplechový, skříňový, samostatně stojící, konfigurace dle výkresové dokumentace \"DPS_D.1.2.5.06 - Návrh rozváděče RE+RH - pole 1 - přívodní\"","kus",{"v":1,"d":"1.000"},{"v":49700,"d":"49,700.00"},null,{"v":49700,"d":"49,700.00"},{"v":0.012,"d":"0.01200"},{"v":0,"d":"0.00000"},{"$f":"[1]Rekapitulace!$G$4*G44*H44","v":{"v":5964,"d":"5,964.00"}},{"$f":"[1]Rekapitulace!$H$4*G44*I44","v":{"v":0,"d":"0.00"}},"",null,{"$f":"J44","v":{"v":49700,"d":"49,700.00"}},0]
["M","M","MAT","357112RERH2","rozváděč oceloplechový, skříňový, samostatně stojící, konfigurace dle výkresové dokumentace \"DPS_D.1.2.5.06 - Návrh rozváděče RE+RH - pole 2 - měření\"","kus",{"v":1,"d":"1.000"},{"v":38750,"d":"38,750.00"},null,{"v":38750,"d":"38,750.00"},{"v":0.012,"d":"0.01200"},{"v":0,"d":"0.00000"},{"$f":"[1]Rekapitulace!$G$4*G45*H45","v":{"v":4650,"d":"4,650.00"}},{"$f":"[1]Rekapitulace!$H$4*G45*I45","v":{"v":0,"d":"0.00"}},"",null,{"$f":"J45","v":{"v":38750,"d":"38,750.00"}},0]
["M","M","MAT","357112RERH3","rozváděč oceloplechový, skříňový, samostatně stojící, konfigurace dle výkresové dokumentace \"DPS_D.1.2.5.06 - Návrh rozváděče RE+RH - pole 3 - vývodové\"","kus",{"v":1,"d":"1.000"},{"v":38750,"d":"38,750.00"},null,{"v":38750,"d":"38,750.00"},{"v":0.012,"d":"0.01200"},{"v":0,"d":"0.00000"},{"$f":"[1]Rekapitulace!$G$4*G46*H46","v":{"v":4650,"d":"4,650.00"}},{"$f":"[1]Rekapitulace!$H$4*G46*I46","v":{"v":0,"d":"0.00"}},"",null,{"$f":"J46","v":{"v":38750,"d":"38,750.00"}},0]
["K","M","921","210280003","Zkoušky a prohlídky el rozvodů a zařízení celková prohlídka pro objem mtž prací do 1 000 000 Kč","kus",{"v":1,"d":"1.000"},{"v":5000,"d":"5,000.00"},null,{"v":5000,"d":"5,000.00"},{"v":0,"d":"0.00000"},{"v":0,"d":"0.00000"},{"$f":"[1]Rekapitulace!$G$4*G47*H47","v":{"v":600,"d":"600.00"}},{"$f":"[1]Rekapitulace!$H$4*G47*I47","v":{"v":0,"d":"0.00"}},"",null,null,{"$f":"J47","v":{"v":5000,"d":"5,000.00"}}]
["K","M","921","210280010","Příplatek k celkové prohlídce za dalších i započatých 500 000 Kč přes 1 000 000 Kč","kus",{"v":4,"d":"4.000"},{"v":3000,"d":"3,000.00"},null,{"v":12000,"d":"12,000.00"},{"v":0,"d":"0.00000"},{"v":0,"d":"0.00000"},{"$f":"[1]Rekapitulace!$G$4*G48*H48","v":{"v":1440,"d":"1,440.00"}},{"$f":"[1]Rekapitulace!$H$4*G48*I48","v":{"v":0,"d":"0.00"}},"",null,null,{"$f":"J48","v":{"v":12000,"d":"12,000.00"}}]
["K","M","921","210280101","Kontrola rozváděčů nn silových hmotnosti do 200 kg","kus",{"v":27,"d":"27.000"},{"v":250,"d":"250.00"},null,{"v":6750,"d":"6,750.00"},{"v":0,"d":"0.00000"},{"v":0,"d":"0.00000"},{"$f":"[1]Rekapitulace!$G$4*G49*H49","v":{"v":809.9999999999999,"d":"810.00"}},{"$f":"[1]Rekapitulace!$H$4*G49*I49","v":{"v":0,"d":"0.00"}},"",null,null,{"$f":"J49","v":{"v":6750,"d":"6,750.00"}}]
["K","M","921","210800004","Montáž měděných vodičů CYY 6 mm2","m",{"v":120,"d":"120.000"},{"v":20,"d":"20.00"},null,{"v":2400,"d":"2,400.00"},{"v":0,"d":"0.00000"},{"v":0,"d":"0.00000"},{"$f":"[1]Rekapitulace!$G$4*G50*H50","v":{"v":288,"d":"288.00"}},{"$f":"[1]Rekapitulace!$H$4*G50*I50","v":{"v":0,"d":"0.00"}},"",null,{"$f":"J50","v":{"v":2400,"d":"2,400.00"}},0]
["M","M","MAT","341408440","vodič izolovaný s Cu jádrem H07V-K 6 mm2 zelenožlutý","m",{"v":120,"d":"120.000"},{"v":22,"d":"22.00"},null,{"v":2640,"d":"2,640.00"},{"v":8e-05,"d":"0.00008"},{"v":0,"d":"0.00000"},{"$f":"[1]Rekapitulace!$G$4*G51*H51","v":{"v":316.79999999999995,"d":"316.80"}},{"$f":"[1]Rekapitulace!$H$4*G51*I51","v":{"v":0,"d":"0.00"}},"",null,{"v":2640,"d":"2,640.00"},0]
["K","M","921","210810045","Montáž měděných kabelů CYKY, CYKYD, CYKYDY, NYM, NYY, YSLY 750 V 3x1,5 mm2","m",{"v":195,"d":"195.000"},{"v":20,"d":"20.00"},null,{"v":3900,"d":"3,900.00"},{"v":0,"d":"0.00000"},{"v":0,"d":"0.00000"},{"$f":"[1]Rekapitulace!$G$4*G52*H52","v":{"v":468,"d":"468.00"}},{"$f":"[1]Rekapitulace!$H$4*G52*I52","v":{"v":0,"d":"0.00"}},"",null,{"v":3900,"d":"3,900.00"},0]
["M","M","MAT","341110300","kabel silový s Cu jádrem CYKY 3x1,5 mm2","m",{"v":195,"d":"195.000"},{"v":15,"d":"15.00"},null,{"v":2925,"d":"2,925.00"},{"v":0.000153,"d":"0.00015"},{"v":0,"d":"0.00000"},{"$f":"[1]Rekapitulace!$G$4*G53*H53","v":{"v":351,"d":"351.00"}},{"$f":"[1]Rekapitulace!$H$4*G53*I53","v":{"v":0,"d":"0.00"}},"",null,{"v":2925,"d":"2,925.00"},0]
["K","M","921","210810045s","Montáž měděných kabelů 1-CXKH-V-O 3x1,5 mm2, včetně zhotovení kabelové trasy","m",{"v":50,"d":"50.000"},{"v":20,"d":"20.00"},null,{"v":1000,"d":"1,000.00"},{"v":0,"d":"0.00000"},{"v":0,"d":"0.00000"},{"$f":"[1]Rekapitulace!$G$4*G54*H54","v":{"v":120,"d":"120.00"}},{"$f":"[1]Rekapitulace!$H$4*G54*I54","v":{"v":0,"d":"0.00"}},"",null,{"v":1000,"d":"1,000.00"},0]
["M","M","MAT","341110305","kabel silový s Cu jádrem 1-CXKH-V-O 3x1,5 3x1,5 mm2","m",{"v":50,"d":"50.000"},{"v":28,"d":"28.00"},null,{"v":1400,"d":"1,400.00"},{"v":0.000153,"d":"0.00015"},{"v":0,"d":"0.00000"},{"$f":"[1]Rekapitulace!$G$4*G55*H55","v":{"v":168,"d":"168.00"}},{"$f":"[1]Rekapitulace!$H$4*G55*I55","v":{"v":0,"d":"0.00"}},"",null,{"v":1400,"d":"1,400.00"},0]
["K","M","921","210810046","Montáž měděných kabelů CYKY, CYKYD, CYKYDY, NYM, NYY, YSLY 750 V 3x2,5 mm2","m",{"v":240,"d":"240.000"},{"v":20,"d":"20.00"},null,{"v":4800,"d":"4,800.00"},{"v":0,"d":"0.00000"},{"v":0,"d":"0.00000"},{"$f":"[1]Rekapitulace!$G$4*G56*H56","v":{"v":576,"d":"576.00"}},{"$f":"[1]Rekapitulace!$H$4*G56*I56","v":{"v":0,"d":"0.00"}},"",null,{"v":4800,"d":"4,800.00"},0]
["M","M","MAT","341110360","kabel silový s Cu jádrem CYKY 3x2,5 mm2","m",{"v":240,"d":"240.000"},{"v":26,"d":"26.00"},null,{"v":6240,"d":"6,240.00"},{"v":0.000207,"d":"0.00021"},{"v":0,"d":"0.00000"},{"$f":"[1]Rekapitulace!$G$4*G57*H57","v":{"v":748.8,"d":"748.80"}},{"$f":"[1]Rekapitulace!$H$4*G57*I57","v":{"v":0,"d":"0.00"}},"",null,{"v":6240,"d":"6,240.00"},0]
["K","M","921","210810056","Montáž měděných kabelů CYKY, CYKYD, CYKYDY, NYM, NYY, YSLY 750 V 5x2,5 mm2","m",{"v":60,"d":"60.000"},{"v":20,"d":"20.00"},null,{"v":1200,"d":"1,200.00"},{"v":0,"d":"0.00000"},{"v":0,"d":"0.00000"},{"$f":"[1]Rekapitulace!$G$4*G58*H58","v":{"v":144,"d":"144.00"}},{"$f":"[1]Rekapitulace!$H$4*G58*I58","v":{"v":0,"d":"0.00"}},"",null,{"v":1200,"d":"1,200.00"},0]
["M","M","MAT","341110940","kabel silový s Cu jádrem CYKY 5x2,5 mm2","m",{"v":60,"d":"60.000"},{"v":38,"d":"38.00"},null,{"v":2280,"d":"2,280.00"},{"v":0.000302,"d":"0.00030"},{"v":0,"d":"0.00000"},{"$f":"[1]Rekapitulace!$G$4*G59*H59","v":{"v":273.59999999999997,"d":"273.60"}},{"$f":"[1]Rekapitulace!$H$4*G59*I59","v":{"v":0,"d":"0.00"}},"",null,{"v":2280,"d":"2,280.00"},0]
["K","M","921","210810057","Montáž měděných kabelů CYKY, CYKYD, CYKYDY, NYM, NYY, YSLY 750 V 5x4 mm2","m",{"v":1500,"d":"1,500.000"},{"v":20,"d":"20.00"},null,{"v":30000,"d":"30,000.00"},{"v":0,"d":"0.00000"},{"v":0,"d":"0.00000"},{"$f":"[1]Rekapitulace!$G$4*G60*H60","v":{"v":3600,"d":"3,600.00"}},{"$f":"[1]Rekapitulace!$H$4*G60*I60","v":{"v":0,"d":"0.00"}},"",null,{"v":30000,"d":"30,000.00"},0]
["M","M","MAT","341110980","kabel silový s Cu jádrem CYKY 5x4 mm2","m",{"v":1500,"d":"1,500.000"},{"v":56,"d":"56.00"},null,{"v":84000,"d":"84,000.00"},{"v":0.000418,"d":"0.00042"},{"v":0,"d":"0.00000"},{"$f":"[1]Rekapitulace!$G$4*G61*H61","v":{"v":10080,"d":"10,080.00"}},{"$f":"[1]Rekapitulace!$H$4*G61*I61","v":{"v":0,"d":"0.00"}},"",null,{"v":84000,"d":"84,000.00"},0]
["K","M","921","210810072","Montáž měděných kabelů CYKY, CYKYD, CYKYDY, NYM, NYY, YSLY 750 V 5x10 mm2","m",{"v":155,"d":"155.000"},{"v":40,"d":"40.00"},null,{"v":6200,"d":"6,200.00"},{"v":0,"d":"0.00000"},{"v":0,"d":"0.00000"},{"$f":"[1]Rekapitulace!$G$4*G62*H62","v":{"v":743.9999999999999,"d":"744.00"}},{"$f":"[1]Rekapitulace!$H$4*G62*I62","v":{"v":0,"d":"0.00"}},"",null,{"v":6200,"d":"6,200.00"},0]
["M","M","MAT","341111020","kabel silový s Cu jádrem CYKY 5x10 mm2","m",{"v":155,"d":"155.000"},{"v":67,"d":"67.00"},null,{"v":10385,"d":"10,385.00"},{"v":0.000533,"d":"0.00053"},{"v":0,"d":"0.00000"},{"$f":"[1]Rekapitulace!$G$4*G63*H63","v":{"v":1246.1999999999998,"d":"1,246.20"}},{"$f":"[1]Rekapitulace!$H$4*G63*I63","v":{"v":0,"d":"0.00"}},"",null,{"v":10385,"d":"10,385.00"},0]
["K","M","921","210810109","Montáž měděných kabelů CYKY, NYM, NYY, YSLY 1 kV 4x25 mm2","m",{"v":45,"d":"45.000"},{"v":40,"d":"40.00"},null,{"v":1800,"d":"1,800.00"},{"v":0,"d":"0.00000"},{"v":0,"d":"0.00000"},{"$f":"[1]Rekapitulace!$G$4*G64*H64","v":{"v":215.99999999999997,"d":"216.00"}},{"$f":"[1]Rekapitulace!$H$4*G64*I64","v":{"v":0,"d":"0.00"}},"",null,{"v":1800,"d":"1,800.00"},0]
["M","M","MAT","341116100","kabel silový s Cu jádrem 1-CYKY 4x25 mm2","m",{"v":45,"d":"45.000"},{"v":330,"d":"330.00"},null,{"v":14850,"d":"14,850.00"},{"v":0.001517,"d":"0.00152"},{"v":0,"d":"0.00000"},{"$f":"[1]Rekapitulace!$G$4*G65*H65","v":{"v":1781.9999999999998,"d":"1,782.00"}},{"$f":"[1]Rekapitulace!$H$4*G65*I65","v":{"v":0,"d":"0.00"}},"",null,{"v":14850,"d":"14,850.00"},0]
["K","M","921","210810112s","Montáž měděných kabelů CYKY, NYM, NYY, YSLY 1 kV 5x50mm2","m",{"v":160,"d":"160.000"},{"v":40,"d":"40.00"},null,{"v":6400,"d":"6,400.00"},{"v":0,"d":"0.00000"},{"v":0,"d":"0.00000"},{"$f":"[1]Rekapitulace!$G$4*G66*H66","v":{"v":768,"d":"768.00"}},{"$f":"[1]Rekapitulace!$H$4*G66*I66","v":{"v":0,"d":"0.00"}},"",null,{"v":6400,"d":"6,400.00"},0]
["M","M","MAT","341116435","kabel silový s Cu jádrem 1-CYKY 5x50 mm2","m",{"v":160,"d":"160.000"},{"v":740,"d":"740.00"},null,{"v":118400,"d":"118,400.00"},0.00324,{"v":0,"d":"0.00000"},{"$f":"[1]Rekapitulace!$G$4*G67*H67","v":{"v":14208,"d":"14,208.00"}},{"$f":"[1]Rekapitulace!$H$4*G67*I67","v":{"v":0,"d":"0.00"}},"",null,{"v":118400,"d":"118,400.00"},0]
["K","M","921","210810117s","Montáž měděných kabelů CYKY, NYM, NYY, YSLY 1 kV 4x240mm2","m",{"v":12,"d":"12.000"},{"v":80,"d":"80.00"},null,{"v":960,"d":"960.00"},{"v":0,"d":"0.00000"},{"v":0,"d":"0.00000"},{"$f":"[1]Rekapitulace!$G$4*G68*H68","v":{"v":115.19999999999999,"d":"115.20"}},{"$f":"[1]Rekapitulace!$H$4*G68*I68","v":{"v":0,"d":"0.00"}},"",null,null,{"$f":"J68","v":{"v":960,"d":"960.00"}}]
["M","M","MAT","341116735","kabel silový s Cu jádrem 1-CYKY 4x240 mm2","m",{"v":12,"d":"12.000"},{"v":2320,"d":"2,320.00"},null,{"v":27840,"d":"27,840.00"},0.00967,{"v":0,"d":"0.00000"},{"$f":"[1]Rekapitulace!$G$4*G69*H69","v":{"v":3340.7999999999997,"d":"3,340.80"}},{"$f":"[1]Rekapitulace!$H$4*G69*I69","v":{"v":0,"d":"0.00"}},"",null,null,{"$f":"J69","v":{"v":27840,"d":"27,840.00"}}]
["K","M","R","PM","Přidružený materiál","%",{"v":1,"d":"1.000"},{"v":5000,"d":"5,000.00"},null,{"v":5000,"d":"5,000.00"},{"v":0,"d":"0.00000"},{"v":0,"d":"0.00000"},{"$f":"[1]Rekapitulace!$G$4*G70*H70","v":{"v":600,"d":"600.00"}},{"$f":"[1]Rekapitulace!$H$4*G70*I70","v":{"v":0,"d":"0.00"}},"",null,{"$f":"J70","v":{"v":5000,"d":"5,000.00"}},0]
["K","M","R","PPV","Podíl přidružených výkonů","%",{"v":1,"d":"1.000"},{"v":5000,"d":"5,000.00"},null,{"$f":"ROUND(G71*(H71+I71),2)","v":{"v":5000,"d":"5,000.00"}},{"v":0,"d":"0.00000"},{"v":0,"d":"0.00000"},{"$f":"[1]Rekapitulace!$G$4*G71*H71","v":{"v":600,"d":"600.00"}},{"$f":"[1]Rekapitulace!$H$4*G71*I71","v":{"v":0,"d":"0.00"}},"",null,{"$f":"J71","v":{"v":5000,"d":"5,000.00"}},0]
["K","M","R","ZV","Zednické výpomoci","%",{"v":1,"d":"1.000"},{"v":5000,"d":"5,000.00"},null,{"v":5000,"d":"5,000.00"},{"v":0,"d":"0.00000"},{"v":0,"d":"0.00000"},{"$f":"[1]Rekapitulace!$G$4*G72*H72","v":{"v":600,"d":"600.00"}},{"$f":"[1]Rekapitulace!$H$4*G72*I72","v":{"v":0,"d":"0.00"}},"",null,null,{"$f":"J72","v":{"v":5000,"d":"5,000.00"}}]
["D","M",null,"46-M","Zemní práce při extr.mont.pracích",{"$nulls":4},{"v":0,"d":"0.00"},null,null,{"$f":"[1]Rekapitulace!$G$4*G73*H73","v":{"v":0,"d":"0.00"}},{"$f":"[1]Rekapitulace!$H$4*G73*I73","v":{"v":0,"d":"0.00"}},"",null,null,{"$f":"J73","v":{"v":0,"d":"0.00"}}]
["K","M","946","460680512","Vysekání rýh pro montáž trubek a kabelů ve zdivu do 5 cm a šířky do 5 cm","m",{"v":10,"d":"10.000"},{"v":40,"d":"40.00"},null,{"v":400,"d":"400.00"},{"v":0.0005,"d":"0.00050"},{"v":0,"d":"0.00000"},{"$f":"[1]Rekapitulace!$G$4*G74*H74","v":{"v":48,"d":"48.00"}},{"$f":"[1]Rekapitulace!$H$4*G74*I74","v":{"v":0,"d":"0.00"}},"",null,{"$f":"J74","v":{"v":400,"d":"400.00"}},0]
["K","M","946","460680581","Vysekání rýh pro montáž trubek a kabelů ve zdech hloubky do 3 cm a šířky do 3 cm","m",{"v":250,"d":"250.000"},{"v":40,"d":"40.00"},null,{"v":10000,"d":"10,000.00"},{"v":0.0005,"d":"0.00050"},{"v":0,"d":"0.00000"},{"$f":"[1]Rekapitulace!$G$4*G75*H75","v":{"v":1200,"d":"1,200.00"}},{"$f":"[1]Rekapitulace!$H$4*G75*I75","v":{"v":0,"d":"0.00"}},"",null,{"v":10000,"d":"10,000.00"},0]
["K","M","946","460710031","Vyplnění a omítnutí rýh hloubky do 3 cm a šířky do 3 cm","m",{"v":250,"d":"250.000"},{"v":38,"d":"38.00"},null,{"v":9500,"d":"9,500.00"},0.00291,{"v":0,"d":"0.00000"},{"$f":"[1]Rekapitulace!$G$4*G76*H76","v":{"v":1140,"d":"1,140.00"}},{"$f":"[1]Rekapitulace!$H$4*G76*I76","v":{"v":0,"d":"0.00"}},"",null,{"v":9500,"d":"9,500.00"},0]
["K","M","946","460710042","Vyplnění a omítnutí rýh hloubky do 5 cm a šířky do 5 cm","m",{"v":10,"d":"10.000"},{"v":55,"d":"55.00"},null,{"v":550,"d":"550.00"},{"v":0.0072,"d":"0.00720"},{"v":0,"d":"0.00000"},{"$f":"[1]Rekapitulace!$G$4*G77*H77","v":{"v":66,"d":"66.00"}},{"$f":"[1]Rekapitulace!$H$4*G77*I77","v":{"v":0,"d":"0.00"}},"",null,{"v":550,"d":"550.00"},0]
["K","M","R","PPV","Podíl přidružených výkonů","%",{"v":1,"d":"1.000"},{"v":3000,"d":"3,000.00"},null,{"v":3000,"d":"3,000.00"},{"v":0,"d":"0.00000"},{"v":0,"d":"0.00000"},{"$f":"[1]Rekapitulace!$G$4*G78*H78","v":{"v":360,"d":"360.00"}},{"$f":"[1]Rekapitulace!$H$4*G78*I78","v":{"v":0,"d":"0.00"}},"",null,{"v":3000,"d":"3,000.00"},0]
["K","M","R","ZV","Zednické výpomoci","%",{"v":1,"d":"1.000"},{"v":5000,"d":"5,000.00"},null,{"v":5000,"d":"5,000.00"},{"v":0,"d":"0.00000"},{"v":0,"d":"0.00000"},{"$f":"[1]Rekapitulace!$G$4*G79*H79","v":{"v":600,"d":"600.00"}},{"$f":"[1]Rekapitulace!$H$4*G79*I79","v":{"v":0,"d":"0.00"}},"",null,{"v":5000,"d":"5,000.00"},0]
["D","OST",null,"O01","Ostatní",{"$nulls":4},{"v":0,"d":"0.00"},null,null,{"$f":"[1]Rekapitulace!$G$4*G80*H80","v":{"v":0,"d":"0.00"}},{"$f":"[1]Rekapitulace!$H$4*G80*I80","v":{"v":0,"d":"0.00"}},"",null,null,{"$f":"J80","v":{"v":0,"d":"0.00"}}]
["K","HZS","HZS","HZS2171","Hodinová zúčtovací sazba sádrokartonář - demontáž části podhledů pro uložení vedení","hod",{"v":160,"d":"160.000"},{"v":400,"d":"400.00"},null,{"v":64000,"d":"64,000.00"},{"v":0,"d":"0.00000"},{"v":0,"d":"0.00000"},{"$f":"[1]Rekapitulace!$G$4*G81*H81","v":{"v":7680,"d":"7,680.00"}},{"$f":"[1]Rekapitulace!$H$4*G81*I81","v":{"v":0,"d":"0.00"}},"",null,{"$f":"J81","v":{"v":64000,"d":"64,000.00"}},0]
["K","HZS","HZS","HZS2172","Hodinová zúčtovací sazba sádrokartonář odborný - zapravení podhledů a zhotovení tras stoupacího vedení","hod",{"v":260,"d":"260.000"},{"v":400,"d":"400.00"},null,{"v":104000,"d":"104,000.00"},{"v":0,"d":"0.00000"},{"v":0,"d":"0.00000"},{"$f":"[1]Rekapitulace!$G$4*G82*H82","v":{"v":12480,"d":"12,480.00"}},{"$f":"[1]Rekapitulace!$H$4*G82*I82","v":{"v":0,"d":"0.00"}},"",null,null,{"$f":"J82","v":{"v":104000,"d":"104,000.00"}}]
["M","HZS","MAT","591552270","materiál pro zhotovení konstrukcí z protipožárního sádrokartonu ","m2",{"v":250,"d":"250.000"},{"v":700,"d":"700.00"},null,{"v":175000,"d":"175,000.00"},{"v":0.03,"d":"0.03000"},{"v":0,"d":"0.00000"},{"$f":"[1]Rekapitulace!$G$4*G83*H83","v":{"v":21000,"d":"21,000.00"}},{"$f":"[1]Rekapitulace!$H$4*G83*I83","v":{"v":0,"d":"0.00"}},"",null,null,{"$f":"J83","v":{"v":175000,"d":"175,000.00"}}]
["K","HZS","HZS","HZS2221","Hodinová zúčtovací sazba elektrikář - demontáž stávajících rozvodů a rozváděčů","hod",{"v":360,"d":"360.000"},{"v":350,"d":"350.00"},null,{"v":126000,"d":"126,000.00"},{"v":0,"d":"0.00000"},{"v":0,"d":"0.00000"},{"$f":"[1]Rekapitulace!$G$4*G84*H84","v":{"v":15119.999999999998,"d":"15,120.00"}},{"$f":"[1]Rekapitulace!$H$4*G84*I84","v":{"v":0,"d":"0.00"}},"",null,{"$f":"J84","v":{"v":126000,"d":"126,000.00"}},0]
[{"$nulls":9},{"v":0,"d":"0.00"},null,null,{"$f":"[1]Rekapitulace!$G$4*G85*H85","v":{"v":0,"d":"0.00"}},{"$f":"[1]Rekapitulace!$H$4*G85*I85","v":{"v":0,"d":"0.00"}}]
[]
[{"$nulls":16},{"$f":"SUM(Q7:Q84)","v":797559},{"$f":"SUM(R8:R84)","v":932315}]

{"sheet":"slp","index":1,"n_rows":41,"n_cols":18,"rows_kept":41}
["Stavba:","2024019",null,"DPS Bažantnice - Oprava páteřních rozvodů a rozvod wifi"]
["Objekt:","D.1.2.6",null,"Elektronické komunikace"]
["Část:","",null,""]
["JKSO:","801 91"]
[{"$nulls":7},"Jednotková cena\nzáklad DPH",{"$nulls":4},"Hodnota DPH"]
["TYP","Zařazení","KCN","Kód položky","Název","MJ","Množství",{"$f":"[1]Rekapitulace!G4","v":{"v":0.12,"d":"12%"}},{"$f":"[1]Rekapitulace!H4","v":{"v":0.21,"d":"21%"}},"Cena celkem","J. hmotnost","J. suť",{"$f":"[1]Rekapitulace!G4","v":{"v":0.12,"d":"12%"}},{"$f":"[1]Rekapitulace!H4","v":{"v":0.21,"d":"21%"}},"Poznámka",null,"2025-10-24","2025-12-15"]
["D","PSV",null,"749","Elektromontáže - součásti elektrozařízení",{"$nulls":4},{"$f":"ROUND(G7*(H7+I7),2)","v":{"v":0,"d":"0.00"}},null,null,{"$f":"[1]Rekapitulace!$G$4*G7*H7","v":{"v":0,"d":"0.00"}},{"$f":"[1]Rekapitulace!$H$4*G7*I7","v":{"v":0,"d":"0.00"}},""]
["K","PSV","741","749212121","Montáž se zhotovením protipožární ucpávky s použitím protipožárního tmelu","ks",{"v":108,"d":"108.000"},{"v":30,"d":"30.00"},null,{"v":3240,"d":"3,240.00"},{"v":0,"d":"0.00000"},{"v":0,"d":"0.00000"},{"$f":"[1]Rekapitulace!$G$4*G8*H8","v":{"v":388.79999999999995,"d":"388.80"}},{"$f":"[1]Rekapitulace!$H$4*G8*I8","v":{"v":0,"d":"0.00"}},"",null,{"$f":"J8","v":{"v":3240,"d":"3,240.00"}},0]
["M","PSV","MAT","345719500","zpěňující tmel na bázi vody a bez obsahu silikonu pro požární těsnění elektrických prostupů, tuba 310ml","kus",{"v":5,"d":"5.000"},{"v":845,"d":"845.00"},null,{"v":4225,"d":"4,225.00"},{"v":4e-06,"d":"0.00000"},{"v":0,"d":"0.00000"},{"$f":"[1]Rekapitulace!$G$4*G9*H9","v":{"v":507,"d":"507.00"}},{"$f":"[1]Rekapitulace!$H$4*G9*I9","v":{"v":0,"d":"0.00"}},"",null,{"$f":"J9","v":{"v":4225,"d":"4,225.00"}},0]
["D","M",null,"21-M","Elektromontáže",{"$nulls":4},{"v":0,"d":"0.00"},null,null,{"$f":"[1]Rekapitulace!$G$4*G10*H10","v":{"v":0,"d":"0.00"}},{"$f":"[1]Rekapitulace!$H$4*G10*I10","v":{"v":0,"d":"0.00"}},""]
["K","M","921","210010004","Montáž trubek plastových ohebných D 29 mm uložených pod omítku","m",{"v":30,"d":"30.000"},{"v":20,"d":"20.00"},null,{"v":600,"d":"600.00"},{"v":0,"d":"0.00000"},{"v":0,"d":"0.00000"},{"$f":"[1]Rekapitulace!$G$4*G11*H11","v":{"v":72,"d":"72.00"}},{"$f":"[1]Rekapitulace!$H$4*G11*I11","v":{"v":0,"d":"0.00"}},"",null,{"$f":"J11","v":{"v":600,"d":"600.00"}},0]
["M","M","MAT","345711560","trubka elektroinstalační ohebná s d=29mm","m",{"v":30,"d":"30.000"},{"v":11,"d":"11.00"},null,{"v":330,"d":"330.00"},{"v":0.0002,"d":"0.00020"},{"v":0,"d":"0.00000"},{"$f":"[1]Rekapitulace!$G$4*G12*H12","v":{"v":39.599999999999994,"d":"39.60"}},{"$f":"[1]Rekapitulace!$H$4*G12*I12","v":{"v":0,"d":"0.00"}},"",null,{"v":330,"d":"330.00"},0]
["K","M","921","210020301","Montáž žlabů kovových šířky do 50 mm bez víka","m",{"v":216,"d":"216.000"},{"v":35,"d":"35.00"},null,{"v":7560,"d":"7,560.00"},{"v":0,"d":"0.00000"},{"v":0,"d":"0.00000"},{"$f":"[1]Rekapitulace!$G$4*G13*H13","v":{"v":907.1999999999999,"d":"907.20"}},{"$f":"[1]Rekapitulace!$H$4*G13*I13","v":{"v":0,"d":"0.00"}},"",null,{"v":7560,"d":"7,560.00"},0]
["M","M","MAT","345754915","žlab kabelový pozinkovaný 2m/ks 50x50","kus",{"v":108,"d":"108.000"},{"v":195,"d":"195.00"},null,{"v":21060,"d":"21,060.00"},0.00225,{"v":0,"d":"0.00000"},{"$f":"[1]Rekapitulace!$G$4*G14*H14","v":{"v":2527.2,"d":"2,527.20"}},{"$f":"[1]Rekapitulace!$H$4*G14*I14","v":{"v":0,"d":"0.00"}},"",null,{"v":21060,"d":"21,060.00"},0]
["M","M","MAT","345754800","spojka žlabu šroubovaná","kus",{"v":88,"d":"88.000"},{"v":13,"d":"13.00"},null,{"v":1144,"d":"1,144.00"},{"v":1E-3,"d":"0.00100"},{"v":0,"d":"0.00000"},{"$f":"[1]Rekapitulace!$G$4*G15*H15","v":{"v":137.27999999999997,"d":"137.28"}},{"$f":"[1]Rekapitulace!$H$4*G15*I15","v":{"v":0,"d":"0.00"}},"",null,{"v":1144,"d":"1,144.00"},0]
["M","M","MAT","345754926","podpěra žlabu kabelového 150mm, včetně hmoždinky a závitové tyče","kus",{"v":60,"d":"60.000"},{"v":55,"d":"55.00"},null,{"v":3300,"d":"3,300.00"},{"v":0.0035,"d":"0.00350"},{"v":0,"d":"0.00000"},{"$f":"[1]Rekapitulace!$G$4*G16*H16","v":{"v":395.99999999999994,"d":"396.00"}},{"$f":"[1]Rekapitulace!$H$4*G16*I16","v":{"v":0,"d":"0.00"}},"",null,{"v":3300,"d":"3,300.00"},0]
["K","M","R","PM","Přidružený materiál","%",{"v":1,"d":"1.000"},{"v":1000,"d":"1,000.00"},null,{"v":1000,"d":"1,000.00"},{"v":0,"d":"0.00000"},{"v":0,"d":"0.00000"},{"$f":"[1]Rekapitulace!$G$4*G17*H17","v":{"v":120,"d":"120.00"}},{"$f":"[1]Rekapitulace!$H$4*G17*I17","v":{"v":0,"d":"0.00"}},"",null,{"v":1000,"d":"1,000.00"},0]
["K","M","R","PPV","Podíl přidružených výkonů","%",{"v":1,"d":"1.000"},{"v":1000,"d":"1,000.00"},null,{"v":1000,"d":"1,000.00"},{"v":0,"d":"0.00000"},{"v":0,"d":"0.00000"},{"$f":"[1]Rekapitulace!$G$4*G18*H18","v":{"v":120,"d":"120.00"}},{"$f":"[1]Rekapitulace!$H$4*G18*I18","v":{"v":0,"d":"0.00"}},"",null,{"v":1000,"d":"1,000.00"},0]
["K","M","R","ZV","Zednické výpomoci","%",{"v":1,"d":"1.000"},{"v":1000,"d":"1,000.00"},null,{"v":1000,"d":"1,000.00"},{"v":0,"d":"0.00000"},{"v":0,"d":"0.00000"},{"$f":"[1]Rekapitulace!$G$4*G19*H19","v":{"v":120,"d":"120.00"}},{"$f":"[1]Rekapitulace!$H$4*G19*I19","v":{"v":0,"d":"0.00"}},"",null,{"v":1000,"d":"1,000.00"},0]
["D","M",null,"22-M","Montáže oznam. a zabezp. zařízení",{"$nulls":4},{"v":0,"d":"0.00"},null,null,{"$f":"[1]Rekapitulace!$G$4*G20*H20","v":{"v":0,"d":"0.00"}},{"$f":"[1]Rekapitulace!$H$4*G20*I20","v":{"v":0,"d":"0.00"}},""]
["K","M","922","220280010","Montáž kabely komunikační uložení na rošt/do žlabu, s vyvázáním, UTP/FTP Cat.6","m",{"v":1000,"d":"1,000.000"},{"v":15,"d":"15.00"},null,{"v":15000,"d":"15,000.00"},{"v":0,"d":"0.00000"},{"v":0,"d":"0.00000"},{"$f":"[1]Rekapitulace!$G$4*G21*H21","v":{"v":1800,"d":"1,800.00"}},{"$f":"[1]Rekapitulace!$H$4*G21*I21","v":{"v":0,"d":"0.00"}},"",null,{"$f":"J21","v":{"v":15000,"d":"15,000.00"}},0]
["M","M","MAT","383100100","kabel datový FTP 4x2x0,5 CAT6 pro vnitřní užití","m",{"v":1000,"d":"1,000.000"},{"v":21,"d":"21.00"},null,{"v":21000,"d":"21,000.00"},{"v":2.8E-3,"d":"0.00280"},{"v":0,"d":"0.00000"},{"$f":"[1]Rekapitulace!$G$4*G22*H22","v":{"v":2520,"d":"2,520.00"}},{"$f":"[1]Rekapitulace!$H$4*G22*I22","v":{"v":0,"d":"0.00"}},"",null,{"$f":"J22","v":{"v":21000,"d":"21,000.00"}},0]
["K","M","922","220300426","Montáž konektoru na kabel datový - lisování konektoru RJ-45","kus",{"v":40,"d":"40.000"},{"v":20,"d":"20.00"},null,{"v":800,"d":"800.00"},{"v":0,"d":"0.00000"},{"v":0,"d":"0.00000"},{"$f":"[1]Rekapitulace!$G$4*G23*H23","v":{"v":96,"d":"96.00"}},{"$f":"[1]Rekapitulace!$H$4*G23*I23","v":{"v":0,"d":"0.00"}},"",null,null,{"$f":"J23","v":{"v":800,"d":"800.00"}}]
["M","M","MAT","383100105","konektor RJ-45 pro kabel datový FTP CAT6 pro vnitřní užití","m",{"v":40,"d":"40.000"},{"v":15,"d":"15.00"},null,{"v":600,"d":"600.00"},{"v":2.8E-3,"d":"0.00280"},{"v":0,"d":"0.00000"},{"$f":"[1]Rekapitulace!$G$4*G24*H24","v":{"v":72,"d":"72.00"}},{"$f":"[1]Rekapitulace!$H$4*G24*I24","v":{"v":0,"d":"0.00"}},"",null,null,{"$f":"J24","v":{"v":600,"d":"600.00"}}]
["K","M","922","220700061s","Montáž jednotek WiFi, přímé upevnění na stěnu nebo strop","kus",{"v":19,"d":"19.000"},{"v":350,"d":"350.00"},null,{"v":6650,"d":"6,650.00"},{"v":0,"d":"0.00000"},{"v":0,"d":"0.00000"},{"$f":"[1]Rekapitulace!$G$4*G25*H25","v":{"v":797.9999999999999,"d":"798.00"}},{"$f":"[1]Rekapitulace!$H$4*G25*I25","v":{"v":0,"d":"0.00"}},"",null,null,{"$f":"J25","v":{"v":6650,"d":"6,650.00"}}]
["M","M","MAT","383100200","jednotka přístupová WiFi (access point), 2,4GHz/5GHz, napájení PoE","kus",{"v":19,"d":"19.000"},{"v":2550,"d":"2,550.00"},null,{"v":48450,"d":"48,450.00"},{"v":2.8E-3,"d":"0.00280"},{"v":0,"d":"0.00000"},{"$f":"[1]Rekapitulace!$G$4*G26*H26","v":{"v":5813.999999999999,"d":"5,814.00"}},{"$f":"[1]Rekapitulace!$H$4*G26*I26","v":{"v":0,"d":"0.00"}},"",null,null,{"$f":"J26","v":{"v":48450,"d":"48,450.00"}}]
["K","M","922","220700341","Měření elektromagnetického pole - základní měření signálu WiFi","kus",{"v":1,"d":"1.000"},{"v":1000,"d":"1,000.00"},null,{"v":1000,"d":"1,000.00"},{"v":0,"d":"0.00000"},{"v":0,"d":"0.00000"},{"$f":"[1]Rekapitulace!$G$4*G27*H27","v":{"v":120,"d":"120.00"}},{"$f":"[1]Rekapitulace!$H$4*G27*I27","v":{"v":0,"d":"0.00"}},"",null,null,{"$f":"J27","v":{"v":1000,"d":"1,000.00"}}]
["K","M","922","220701303s","Montáž prvku aktivního - do racku","kus",{"v":1,"d":"1.000"},{"v":350,"d":"350.00"},null,{"v":350,"d":"350.00"},{"v":0,"d":"0.00000"},{"v":0,"d":"0.00000"},{"$f":"[1]Rekapitulace!$G$4*G28*H28","v":{"v":42,"d":"42.00"}},{"$f":"[1]Rekapitulace!$H$4*G28*I28","v":{"v":0,"d":"0.00"}},"",null,null,{"$f":"J28","v":{"v":350,"d":"350.00"}}]
["M","M","MAT","383100205","switchdo racku, 24xRJ-45, PoE, 220W","kus",{"v":1,"d":"1.000"},{"v":7300,"d":"7,300.00"},null,{"v":7300,"d":"7,300.00"},{"v":2.8E-3,"d":"0.00280"},{"v":0,"d":"0.00000"},{"$f":"[1]Rekapitulace!$G$4*G29*H29","v":{"v":876,"d":"876.00"}},{"$f":"[1]Rekapitulace!$H$4*G29*I29","v":{"v":0,"d":"0.00"}},"",null,null,{"$f":"J29","v":{"v":7300,"d":"7,300.00"}}]
["K","M","R","PM","Přidružený materiál","%",{"v":1,"d":"1.000"},{"v":1000,"d":"1,000.00"},null,{"v":1000,"d":"1,000.00"},{"v":0,"d":"0.00000"},{"v":0,"d":"0.00000"},{"$f":"[1]Rekapitulace!$G$4*G30*H30","v":{"v":120,"d":"120.00"}},{"$f":"[1]Rekapitulace!$H$4*G30*I30","v":{"v":0,"d":"0.00"}},"",null,null,{"$f":"J30","v":{"v":1000,"d":"1,000.00"}}]
["K","M","R","PPV","Podíl přidružených výkonů","%",{"v":1,"d":"1.000"},{"v":1000,"d":"1,000.00"},null,{"v":1000,"d":"1,000.00"},{"v":0,"d":"0.00000"},{"v":0,"d":"0.00000"},{"$f":"[1]Rekapitulace!$G$4*G31*H31","v":{"v":120,"d":"120.00"}},{"$f":"[1]Rekapitulace!$H$4*G31*I31","v":{"v":0,"d":"0.00"}},"",null,null,{"$f":"J31","v":{"v":1000,"d":"1,000.00"}}]
["K","M","R","ZV","Zednické výpomoci","%",{"v":1,"d":"1.000"},{"v":1000,"d":"1,000.00"},null,{"v":1000,"d":"1,000.00"},{"v":0,"d":"0.00000"},{"v":0,"d":"0.00000"},{"$f":"[1]Rekapitulace!$G$4*G32*H32","v":{"v":120,"d":"120.00"}},{"$f":"[1]Rekapitulace!$H$4*G32*I32","v":{"v":0,"d":"0.00"}},"",null,null,{"$f":"J32","v":{"v":1000,"d":"1,000.00"}}]
["D","M",null,"46-M","Zemní práce při extr.mont.pracích",{"$nulls":4},{"v":0,"d":"0.00"},null,null,{"$f":"[1]Rekapitulace!$G$4*G33*H33","v":{"v":0,"d":"0.00"}},{"$f":"[1]Rekapitulace!$H$4*G33*I33","v":{"v":0,"d":"0.00"}},"",null,null,{"$f":"J33","v":{"v":0,"d":"0.00"}}]
["K","M","946","460680501","Vysekání rýh pro montáž trubek a kabelů ve zdivu do 3 cm a šířky do 3 cm","m",{"v":30,"d":"30.000"},{"v":40,"d":"40.00"},null,{"v":1200,"d":"1,200.00"},{"v":0.0005,"d":"0.00050"},{"v":0,"d":"0.00000"},{"$f":"[1]Rekapitulace!$G$4*G34*H34","v":{"v":144,"d":"144.00"}},{"$f":"[1]Rekapitulace!$H$4*G34*I34","v":{"v":0,"d":"0.00"}},"",null,null,{"$f":"J34","v":{"v":1200,"d":"1,200.00"}}]
["K","M","946","460710031","Vyplnění a omítnutí rýh hloubky do 3 cm a šířky do 3 cm","m",{"v":30,"d":"30.000"},{"v":38,"d":"38.00"},null,{"v":1140,"d":"1,140.00"},0.00291,{"v":0,"d":"0.00000"},{"$f":"[1]Rekapitulace!$G$4*G35*H35","v":{"v":136.79999999999998,"d":"136.80"}},{"$f":"[1]Rekapitulace!$H$4*G35*I35","v":{"v":0,"d":"0.00"}},"",null,null,{"$f":"J35","v":{"v":1140,"d":"1,140.00"}}]
["K","M","R","PPV","Podíl přidružených výkonů","%",{"v":1,"d":"1.000"},{"v":250,"d":"250.00"},null,{"v":250,"d":"250.00"},{"v":0,"d":"0.00000"},{"v":0,"d":"0.00000"},{"$f":"[1]Rekapitulace!$G$4*G36*H36","v":{"v":30,"d":"30.00"}},{"$f":"[1]Rekapitulace!$H$4*G36*I36","v":{"v":0,"d":"0.00"}},"",null,null,{"$f":"J36","v":{"v":250,"d":"250.00"}}]
["K","M","R","ZV","Zednické výpomoci","%",{"v":1,"d":"1.000"},{"v":250,"d":"250.00"},null,{"v":250,"d":"250.00"},{"v":0,"d":"0.00000"},{"v":0,"d":"0.00000"},{"$f":"[1]Rekapitulace!$G$4*G37*H37","v":{"v":30,"d":"30.00"}},{"$f":"[1]Rekapitulace!$H$4*G37*I37","v":{"v":0,"d":"0.00"}},"",null,null,{"$f":"J37","v":{"v":250,"d":"250.00"}}]
["D","OST",null,"O01","Ostatní",{"$nulls":4},{"v":0,"d":"0.00"},null,null,{"$f":"[1]Rekapitulace!$G$4*G38*H38","v":{"v":0,"d":"0.00"}},{"$f":"[1]Rekapitulace!$H$4*G38*I38","v":{"v":0,"d":"0.00"}},"",null,null,{"$f":"J38","v":{"v":0,"d":"0.00"}}]
["K","HZS","HZS","HZS3222","Hodinová zúčtovací sazba montér slaboproudých zařízení odborný - oživení a konfigurace systému","hod",{"v":40,"d":"40.000"},{"v":400,"d":"400.00"},null,{"v":16000,"d":"16,000.00"},{"v":0,"d":"0.00000"},{"v":0,"d":"0.00000"},{"$f":"[1]Rekapitulace!$G$4*G39*H39","v":{"v":1920,"d":"1,920.00"}},{"$f":"[1]Rekapitulace!$H$4*G39*I39","v":{"v":0,"d":"0.00"}},"",null,null,{"$f":"J39","v":{"v":16000,"d":"16,000.00"}}]
[{"$nulls":9},{"v":0,"d":"0.00"},null,null,{"$f":"[1]Rekapitulace!$G$4*G40*H40","v":{"v":0,"d":"0.00"}},{"$f":"[1]Rekapitulace!$H$4*G40*I40","v":{"v":0,"d":"0.00"}}]
[{"$nulls":16},{"$f":"SUM(Q8:Q23)","v":{"v":80459,"d":"80,459.00"}},{"$f":"SUM(R8:R39)","v":{"v":86990,"d":"86,990.00"}}]